| 000 | 00000nam##2200000za#4500 |
| 001 | 9.688614 |
| 003 | CaOODSP |
| 005 | 20210624231517 |
| 007 | cr ||||||||||| |
| 008 | 150407|2000||||xxc|||||o f|0| 0 eng|d |
| 040 | |aCaOODSP|beng |
| 043 | |an-cn--- |
| 086 | 1 |aSW21-45/2000E-PDF |
| 110 | 1 |aCanada. |bStatus of Women Canada. |
| 245 | 14|aThe dynamics of women's poverty in Canada / |h[electronic resource]|c[by] Clarence Lochhead and Katherine Scott. |
| 260 | |aOttawa - Ontario : |bStatus of Women Canada |c2000. |
| 300 | |a80p.|bgraphs, references, tables |
| 500 | |aThe ISBN for the bilingual print edition has been incorrectly copied in this electronic publication. N.B.: Incorrect catalogue number printed in this publication. |
| 504 | |aBibliography. |
| 590 | |a06-10-Supp|b2006-12-15 |
| 690 | 07|aEconomic conditions|2gcpds |
| 690 | 07|aPoverty|2gcpds |
| 690 | 07|aSocioeconomic analysis|2gcpds |
| 690 | 07|aStatus of women|2gcpds |
| 690 | 07|aWomen|2gcpds |
| 720 | 1 |aScott, Katherine |
| 720 | 1 |aLochhead, Clarence |
| 775 | 08|tLa dynamique de la pauvreté chez les femmes au Canada / |w(CaOODSP)9.633036 |
| 856 | 40|ahttp://publications.gc.ca|qPDF|s361 KB|uhttps://publications.gc.ca/collections/Collection/SW21-45-2000E.pdf |